AH International Schools' Libraries

Let's Get Moving! / (Record no. 49127)

MARC details
000 -LEADER
fixed length control field 00352nam a22001217a 4500
008 - FIXED-LENGTH DATA ELEMENTS--GENERAL INFORMATION
fixed length control field 250806b |||||||| |||| 00| 0 eng d
020 ## - INTERNATIONAL STANDARD BOOK NUMBER
International Standard Book Number 9781492680598
100 ## - MAIN ENTRY--PERSONAL NAME
Personal name Chris Ferrie
9 (RLIN) 86471
245 ## - TITLE STATEMENT
Title Let's Get Moving! /
260 ## - PUBLICATION, DISTRIBUTION, ETC. (IMPRINT)
Place of publication, distribution, etc illinois
Name of publisher, distributor, etc Sourcebooks Explore
Date of publication, distribution, etc 2020
300 ## - PHYSICAL DESCRIPTION
Extent 40 pages
Other physical details col. ill.
Dimensions 9.25 x 0.35 x 9.25 inches
942 ## - ADDED ENTRY ELEMENTS (KOHA)
Source of classification or shelving scheme
Koha item type Book
Holdings
Withdrawn status Lost status Source of classification or shelving scheme Damaged status Not for loan Collection code Home library Current library Shelving location Date acquired Full call number Barcode Date last seen Price effective from Koha item type
          Non-Fiction Asian Hope Siem Reap Asian Hope Siem Reap Non Fiction 08/06/2025 530 FER 209161 08/06/2025 08/06/2025 Book

For any Logos Library related questions please contact Miss Art at swongnarasuk@asianhope.org.

For any Asian Hope Library related questions please contact Miss Raza at graza@asianhope.org.

Powered by Koha